Insani Haqoq ka Bain ul Aqwami Nizam / (Record no. 526280)

000 -LEADER
fixed length control field 00618nam a22001817a 4500
003 - CONTROL NUMBER IDENTIFIER
control field NUST
020 ## - INTERNATIONAL STANDARD BOOK NUMBER
International Standard Book Number 978-969-9042-041
Qualifying information HBK
038 ## - RECORD CONTENT LICENSOR
Staff Name Faiza
082 ## - DEWEY DECIMAL CLASSIFICATION NUMBER
Classification number 323.4
Author Mark JAC
100 ## - MAIN ENTRY--PERSONAL NAME
Personal name Jacub, Peter
9 (RLIN) 17251
245 ## - TITLE STATEMENT
Title Insani Haqoq ka Bain ul Aqwami Nizam /
Statement of responsibility, etc. Peter Jacub
260 ## - PUBLICATION, DISTRIBUTION, ETC.
Place of publication, distribution, etc. Lahore :
Name of publisher, distributor, etc. Qomi Commision Barae Aman o Insaf,
Date of publication, distribution, etc. 2007.
300 ## - PHYSICAL DESCRIPTION
Extent 152 p. ;
880 ## - ALTERNATE GRAPHIC REPRESENTATION
Linkage 100-01\r
Title پیٹر جیکب
880 ## - ALTERNATE GRAPHIC REPRESENTATION
Linkage 245-02/r
Title انسانی حقوق کا بین الاقوامی نظام /
880 ## - ALTERNATE GRAPHIC REPRESENTATION
Linkage 260-03\r
Title لاہور :
b قومی کمیشن برائے امن و انصاف,
c ۲۰۰۷.
942 ## - ADDED ENTRY ELEMENTS (KOHA)
Source of classification or shelving scheme
Koha item type Book
Holdings
Withdrawn status Lost status Source of classification or shelving scheme Damaged status Not for loan Permanent Location Current Location Date acquired Total Checkouts Full call number Barcode Date last seen Price effective from Koha item type
          Central Library (CL) Central Library (CL) 07/10/2019   323.4 JAC CL-E-159 07/10/2019 07/10/2019 Book
© 2023 Central Library, National University of Sciences and Technology. All Rights Reserved.